000 01105cad a22002055a 4500
001 E152550
008 110328s2011 xxk f s000 0 eng d
035 _a(Sirsi) u152550
041 0 _aeng
110 2 _aScotland
_kLaws, etc.
245 0 0 _aHistoric Environment (Amendment) (Scotland) Act 2011
_h[electronic resource]
260 _a[S.l.]
_bNational Archives
_c2011
520 _aAn Act which amends the law in relation to ancient monuments and listed buildings. Changes introduced include those relating to unauthorised works, powers of entry to ancient monuments, the management of ancient monuments, liability for the cost of urgent works to listed buildings; the creation of inventories of gardens and battlefields; and the provision of grants and loans.
590 _aKA
650 2 4 _aHISTORIC ENVIRONMENT (AMENDMENT) (SCOTLAND) ACT 2011
651 4 _aScotland
_y1999-
690 _aBUILT ENVIRONMENT-BUILDING TYPES-ANCIENT MONUMENTS AND HISTORIC BUILDINGS
856 4 0 _uhttps://www.legislation.gov.uk/asp/2011/3/contents
_zView the Act free of charge at www.legislation.gov.uk
942 _n0
999 _c112104
_d112104